Nghiên cứu xác định hàm lượng chì và Cadimi trong rau muống tại một số điểm trên địa bàn TP. Đà Nẵng bằng phương pháp Vôn - Ampe hòa tan xung vi phân.
Tổng quan tài liệu: Giới thiệu về kim loại nặng và tính độc của chúng. Khái niệm về rau an toàn. Vài nét về hiện trạng sản xuất rau ở nước ta hiện nay. Sơ lược về cây rau muống...Thực nghiệm. Kết quả và thảo luận.
Guardat en:
| Autor principal: | |
|---|---|
| Altres autors: | |
| Format: | Llibre |
| Idioma: | Vietnamese |
| Publicat: |
Đà Nẵng
Đại học Đà Nẵng
2009
|
| Matèries: | |
| Etiquetes: |
Afegir etiqueta
Sense etiquetes, Sigues el primer a etiquetar aquest registre!
|
| Thư viện lưu trữ: | Mạng thư viện Đại học Đà Nẵng |
|---|
| LEADER | 01362nam a2200325 4500 | ||
|---|---|---|---|
| 001 | 000012108 | ||
| 003 | 8395 | ||
| 005 | 20120215160232.0 | ||
| 008 | 120215s2009 viesd | ||
| 041 | |a vie | ||
| 072 | |a Khóa luận tốt nghiệp | ||
| 082 | |a 664.805 |b LE-H | ||
| 100 | |a Lê, Thị Hoa |e Tác giả | ||
| 245 | |a Nghiên cứu xác định hàm lượng chì và Cadimi trong rau muống tại một số điểm trên địa bàn TP. Đà Nẵng bằng phương pháp Vôn - Ampe hòa tan xung vi phân. |c Lê Thị Hoa | ||
| 260 | |a Đà Nẵng |b Đại học Đà Nẵng |c 2009 | ||
| 300 | |a 62 tr. |c 29 cm | ||
| 500 | |a Khóa luận tốt nghiệp khoa Hóa. Lớp 05 CHH | ||
| 520 | |a Tổng quan tài liệu: Giới thiệu về kim loại nặng và tính độc của chúng. Khái niệm về rau an toàn. Vài nét về hiện trạng sản xuất rau ở nước ta hiện nay. Sơ lược về cây rau muống...Thực nghiệm. Kết quả và thảo luận. | ||
| 653 | |a Rau muống | ||
| 653 | |a Hàm lượng chì | ||
| 653 | |a Cadimi | ||
| 700 | |a Lê Thị Mùi |c Th.S |e Hướng dẫn | ||
| OWN | |a LSP | ||
| 999 | |a From the UDN01 | ||
| TYP | |a Monograph | ||
| TYP | |a Printed language | ||
| 980 | |a Mạng thư viện Đại học Đà Nẵng | ||